| 000 | 00852nam a22002057a 4500 | ||
|---|---|---|---|
| 999 |
_c2664 _d2664 |
||
| 003 | AR-CdUCM | ||
| 008 | 190305b ||||| |||| 00| 0 spa d | ||
| 040 |
_aMUNICIPALIDAD PROVINCIAL DEL CUSCO _cBIBLIOTECA MUNICIPAL DEL CUSCO |
||
| 082 |
_a985.0331 / _bR81 |
||
| 100 |
_aRomero Pacheco, Martín Hernando _99369 |
||
| 245 |
_aBuscando un proyecto Nacional : _bTúpac Amaru y la Historia / |
||
| 260 |
_aCusco : _bInstituto Nacional de Cultura Cusco, _bLucero, _c2007. |
||
| 300 |
_a104 páginas ; _bfotografía, _c20 cm. |
||
| 505 | _aContenido: Los orígenes de la democracia actual --Economía mundo y Economía moral -- El mundo -- Inkas e Imperio -- Revolución industrial en la democracia -- Un siglo de rebeliones ... | ||
| 650 |
_aSiglo XX _98 |
||
| 650 |
_aHistoria _9136 |
||
| 650 |
_aTúpac Amaru _9623 |
||
| 942 |
_2ddc _cLIBROS |
||
| 945 | _aachl | ||